000 00510nam a22001937a 4500
003 CEME
005 20210628203824.0
008 210126b xxu||||| |||| 00| 0 eng d
020 _a81-203-2229-0
040 _c.
082 _a621.382 SCH
100 _aSchweber, William
_967426
245 _aElectronic communication systems;a complete course
250 _a4TH
260 _aNEW DELHI
_bPRENTICE HALL OF INDIA
_c2002
300 _aXII,820P
650 _aCOMMUNICATION SYSTEMS
_960502
942 _cBK
_2ddc
999 _c575212
_d575212